The executive's book of quatations
| Main Author: | |
|---|---|
| Other Authors: | |
| Format: | Book |
| Published: |
New York :
Oxford University Press ,
1994
|
MARC
| LEADER | 00000cam a2200000 7i4500 | ||
|---|---|---|---|
| 001 | 0000005658 | ||
| 005 | 20220223.0 | ||
| 020 | |a 0195078365 | ||
| 040 | |a INS | ||
| 090 | 0 | 0 | |a RPN6084.B87 |b D55 1994 |
| 100 | 1 | |a Martin, Julia-Vitullo | |
| 245 | 1 | 4 | |a The executive's book of quatations |c Julia-Vitullo Martin |
| 260 | |a New York : |b Oxford University Press , |c 1994 | ||
| 300 | |a 379p. | ||
| 700 | 1 | |a Moskin, J. Robert (editors) | |
| 999 | |a 0000006458 |b BOOK |c Reference |e Default branch | ||